00489nam a2200193 a 4500001001300000003000900013005001700022008004100039020001000080082002200090100001800112245004000130260003400170300001000204500003500214505001000249650001800259700001800277nice12345678IN_TiNIC20260116015113.0050524s1957 boma grp 000 0 eng  ac10000a305.6297054bHUS1 aHusain, Yusuf aGlimpses of Medieval Indian Culture aBombaybAsia Pub. Housec1957 a161p. aincludes index and biblioraphy2 aIndex aMuslims-India1 aHusain, Yusuf